Slovenskí zamestnanci, americké móresy Bolestivo rýchle zmeny a silný tlak kontroly vzbudzuje u mnohých pocity šikanovania

Bibliographic Details
Main Author: Angelovič, Marián (Author)
Corporate Author: U.S.Steel (Košice, Slovensko) (Author)
Format: Article
Language:Slovak
Subjects:

MARC

LEADER 00000nab a2200000 a 4500
001 vtls000927661
003 SK-MaSNL
005 20260303033426.0
008 040720e20020411xo 0 slo
035 |a KE36538 
040 |a KEVKJB  |b slo  |c KEVKJB  |e AACR2 
041 0 |a slo 
044 |a xo  |c SK 
080 |a 669.1  |2 1981 
100 1 |a Angelovič, Marián  |4 aut  |9 435108 
245 1 0 |a Slovenskí zamestnanci, americké móresy  |b Bolestivo rýchle zmeny a silný tlak kontroly vzbudzuje u mnohých pocity šikanovania 
610 2 7 |a U. S. Steel (Košice, Slovensko)  |2 KEVKJB  |9 656260 
650 0 7 |a etické kódexy   |2 KEVKJB  |9 83625 
650 0 7 |a kultúra podnikania  |2 KEVKJB  |9 534504 
650 0 7 |a informácie  |2 KEVKJB  |9 1285 
651 7 |a Košice (Slovensko)  |2 KEVKJB  |9 18694 
651 7 |a KE,  |2 KEVKJB  |9 877256 
655 7 |a periodikum  |2 snkbucl  |9 29553 
710 2 |a U.S.Steel (Košice, Slovensko)  |4 aut  |9 877338 
773 0 8 |t Národná obroda  |g Roč. 13  |g Roč. 28, č.84, 11.4.2002, s. 7 
852 |a ZVYKNI  |b KIS3GCP 
999 |c 1669949  |d 1671879